000 00569cam a22002051 4500
001 3583683
005 20180126081726.0
008 730522s1957 enk b 000 0 eng
010 _a 57014230
040 _aDLC
_cDLC
_dDLC
041 _aeng
080 _a182 KIR
082 0 0 _a182 KIR
100 1 _a24
101 _aFIL
245 1 4 _aThe presocratic philosophers;
_cby G. S. Kirk & J. E. Raven.
504 _aBibliography: p. 446-449.
906 _a7
_bcbc
_corignew
_du
_eocip
_f19
_gy-gencatlg
942 _2ddc
_cBK
999 _c41014
_d41014